00670nam a22001937a 450000500170000001000150001702000260003203500140005803700090007208200170008110000250009824500580012326000420018127000640022330000210028794200270030899900190033595201220035420250219160245.0 aENG-143857 c690.00a9788119337071 aEN-127389 bDBAD a658.1505201 aChellasamy P.978155 aAdvanced Financial ManagementcP. ChellasamyhEnglish aTamil NadubShanlax Publicationc2023 bTamil Nadua61,66 T.P.K. Main Road Vasantha Nagar, Madurai  a337ppc25cm(pbk) 2ddccENh658.1505eCHE c209494d209494 001040708NFICaLbLd2025-02-19eDBADg690.00l0o658.1505pEN-127389r2025-02-19 00:00:00v690.00w2025-02-19yEN